Health and Safety guidance revised (Record no. 69089)

MARC details
000 -LEADER
fixed length control field 01085cam a2200193 4500
001 - CONTROL NUMBER
control field WB3747-07
008 - FIXED-LENGTH DATA ELEMENTS--GENERAL INFORMATION
fixed length control field 011212n2001 000 0 eng u
035 ## - SYSTEM CONTROL NUMBER
System control number (Sirsi) u115971
245 ## - TITLE STATEMENT
Title Health and Safety guidance revised
260 ## - PUBLICATION, DISTRIBUTION, ETC.
Date of publication, distribution, etc. 2001
490 ## - SERIES STATEMENT
Series statement HSC News Release
Volume/sequential designation 6 December 2001, (2)
520 ## - SUMMARY, ETC.
Summary, etc. Health and Safety Commission (HSC) has published a revised Approved Code of Practice (ACoP) and guidance on the Construction (Design and Management) Regulations 1994 (CDM). "Managing Health and Safety in Construction" comes into force on 1 February 2002. Although there are no changes to CDM, HSC decided to revise the ACoP following an earlier review which revealed many in the industry did not fully understand their legal responsibilities. Copies of "Managing Health and Safety in Construction" can be ordered online at: http://www.hsebooks.co.uk
590 ## - LOCAL NOTE (RLIN)
Local note WB
650 ## - SUBJECT ADDED ENTRY--TOPICAL TERM
Topical term or geographic name entry element APPROVED CODE OF PRACTICE
650 ## - SUBJECT ADDED ENTRY--TOPICAL TERM
Topical term or geographic name entry element CONSTRUCTION (DESIGN AND MANAGEMENT) REGULATIONS 1994
650 ## - SUBJECT ADDED ENTRY--TOPICAL TERM
Topical term or geographic name entry element GUIDANCE
690 ## - LOCAL SUBJECT ADDED ENTRY--TOPICAL TERM (OCLC, RLIN)
Topical term or geographic name as entry element BUILT ENVIRONMENT-BUILDING STANDARDS
942 ## - ADDED ENTRY ELEMENTS (KOHA)
Suppress in OPAC 0
Holdings
Withdrawn status Lost status Source of classification or shelving scheme Damaged status Not for loan Home library Current library Shelving location Date acquired Total Checkouts Full call number Barcode Date last seen Copy number Price effective from Koha item type
    Dewey Decimal Classification     London London News article 12/12/2001   WB3747-07 115971-1001 06/08/2019 1 06/08/2019 News article